000 00825nam a22002537a 4500
003 UA-OsUOA
001 116492
007 ta
008 20160317b un ||||| |||| 00| 0 ukr d
100 _aКурц Б. Г.
090 _a94(4+5)(082):930
_bК93
942 _cBK
040 _aUA-OsUOA
_bukr
_cUA-OsUOA
_dUA-OsUOA
245 _aСхідна Європа та Азія: історія торгівлі в XVI - першій половині ХХ ст.
_bзібрання наукових праць
300 _a632 с.
955 _a1
041 _aukr
080 _a94(4+5)(082):930
020 _a978-966-02-7705-2
591 _aЦолін А.
260 _aК.
_bІС ім. А.Ю.Кримського НАНУ
_c2014
650 7 _a5 Математика. Природничі науки
_2UDC
999 _c402393
_d402393